Approximation algorithms (Record no. 1097)

000 -LEADER
fixed length control field 00526nam a22002054a 4500
001 - CONTROL NUMBER
control field 1097
003 - CONTROL NUMBER IDENTIFIER
control field BD-DhUET
008 - FIXED-LENGTH DATA ELEMENTS--GENERAL INFORMATION
fixed length control field 010605s2001 gw a b 001 0 eng
020 ## - INTERNATIONAL STANDARD BOOK NUMBER
International Standard Book Number 3540653678
040 ## - CATALOGING SOURCE
Original cataloging agency DLC
Transcribing agency DLC
Modifying agency BD-DhUET
082 00 - DEWEY DECIMAL CLASSIFICATION NUMBER
Classification number 005.1
Item number VAZ/2003
100 1# - MAIN ENTRY--PERSONAL NAME
Personal name Vazirani, Vijay V.
245 10 - TITLE STATEMENT
Title Approximation algorithms
250 ## - EDITION STATEMENT
Edition statement 1st ed.
260 ## - PUBLICATION, DISTRIBUTION, ETC. (IMPRINT)
Place of publication, distribution, etc. Berlin
Name of publisher, distributor, etc. Springer-Verlag
Date of publication, distribution, etc. 2003
300 ## - PHYSICAL DESCRIPTION
Extent xix, 380 p.
Other physical details ill.
Dimensions 25 cm.
504 ## - BIBLIOGRAPHY, ETC. NOTE
Bibliography, etc Includes bibliographies
650 #0 - SUBJECT ADDED ENTRY--TOPICAL TERM
Topical term or geographic name as entry element Computer algorithms
942 ## - ADDED ENTRY ELEMENTS (KOHA)
Koha item type General Book
Holdings
Koha item type Date acquired Sublocation or collection (holding branch) Damaged status Koha normalized classification for sorting Lost status Piece designation (barcode) Price effective from Copy number Koha date last borrowed Shelving location Source of classification or shelving scheme Koha full call number Koha issues (times borrowed) Withdrawn status Location (home branch) Koha date last seen Not for loan
General Book2014-08-30Central Library, BUET 005_000000000000000_1VAZ2003 1067662014-08-301 Circulation section 005.1/VAZ/2003  Central Library, BUET2014-08-30 
General Book2014-08-30Central Library, BUET 005_000000000000000_1VAZ2003 1080572014-08-3022014-11-05Circulation section 005.1/VAZ/20031 Central Library, BUET2015-10-12 
General Book2014-10-13Central Library, BUET 005_000000000000000_1VAZ2003 1067672014-10-1332022-12-03Circulation section 005.1/VAZ/20031 Central Library, BUET2022-12-17 
General Book2016-05-29Central Library, BUET 005_100000000000000_VAZ_2003 1080562016-05-2942023-03-06Circulation section 005.1/VAZ/20031 Central Library, BUET2023-05-06